| 000 | 00710nam a2200205 a 4500 | ||
|---|---|---|---|
| 005 | 20240924064501.0 | ||
| 008 | 991125s1995 mx 000 0 spa u | ||
| 020 | _a9700800660 | ||
| 035 | _aUPN01000004877 | ||
| 049 | _aCG | ||
| 050 | 4 |
_aLB1140.2 _bA73 |
|
| 245 | 0 | 3 |
_aLa atención del niño preescolar : _bentre la política educativa y la complejidad de la práctica : antología / _ccoord. Margarita Arroyo Acevedo. |
| 260 |
_aMéxico : _bFundación SNTE Para la Cultura del Maestro Mexicano, _c1995. |
||
| 300 | _a135 p. | ||
| 650 | 4 |
_aEducación preescolar _91517 |
|
| 650 | 4 |
_aPrácticas de la enseñanza _92849 |
|
| 700 | 1 |
_aArroyo Acevedo, Margarita, _ecoord. |
|
| 905 | _aLibro | ||
| 999 |
_c4877 _d4877 |
||